Expressions françaises avec des matériaux - Statistiques

Statistiques générales
  • Ce quiz a été pris 471 fois
  • Le résultat moyen est 15 sur 20
Statistiques - réponses
Expression Réponse % Correct
Y croire dur comme ... Fer
100%
Avoir un mental d' ... Acier
99%
Il y a anguille sous ... Roche
99%
Le temps c'est de l' ... Argent
96%
(Impassible) Rester de ... Marbre
93%
(Superstition) Toucher du ... Bois
91%
(Accuser) Jeter la première ... Pierre
91%
(C'est parfait) C'est nickel ... Chrome
89%
Filer du mauvais ... Coton
89%
Couler un ... Bronze
82%
Avoir un sommeil de ... Plomb
79%
Comme un éléphant dans un magasin de ... Porcelaine
72%
(Fauché) Être sur la ... Paille
71%
Se noyer dans un ... d'eau Verre
65%
Réglé comme du ... à musique Papier
63%
Colosse aux pieds d' ... Argile
54%
(Avoir du succès) Faire un ... Carton
50%
Ça ne casse pas des ... Briques
41%
Avoir du ... dans les yeux Sable
28%
(Frapper quelqu'un) Battre comme ... Plâtre
10%
Aucun quiz correspondant
Distribution des résultats
% des personnes avec chaque résultat
Percentile par nombre de réponses
Votre historique - résultats
Vous n’avez pas pris ce quiz